| 000 | 01899nam a2200541 i 4500 | ||
|---|---|---|---|
| 001 | 36010 | ||
| 003 | KOSZ 005 | ||
| 005 | 20250724063749.0 | ||
| 008 | 990212s1999 pl a |000 0 pol | ||
| 015 | _aUWD 1999/1719 | ||
| 020 | _a8301127066 | ||
| 035 | _a991008956999705066 | ||
| 035 | _a(PL-WaBN)b12312952-48omnis_nlop | ||
| 035 | _ab12312952 | ||
| 035 | _a(OCoLC)69275044 | ||
| 035 | _azz2006783235 | ||
| 035 | _a(PL)b0000001231295 | ||
| 035 | _a(EXLNZ-48OMNIS_NETWORK)9910380787805606 | ||
| 040 |
_aWA N _cWA N _dKOSZ 005/HR |
||
| 041 | 1 |
_apol _heng |
|
| 046 | _k1996 | ||
| 080 | _a538.9 | ||
| 080 | _a(075.8) | ||
| 100 | 1 |
_aKittel, Charles _d(1916- ) _eAutor |
|
| 245 | 1 | 0 |
_aWstęp do fizyki ciała stałego / _cCharles Kittel ; z ang. tł. Wiesława Korczak, Tadeusz Skośkiewicz, Andrzej Wiśniewski. |
| 246 | 1 |
_iTyt. oryg.: _aIntroduction to solid state physics, _f1996 |
|
| 260 |
_aWarszawa : _bWydawnictwo Naukowe PWN, _c1999. |
||
| 300 |
_a720 s. : _bfot., rys., wykr. ; _c24 cm. |
||
| 336 |
_aTekst _btxt _2rdacontent |
||
| 337 |
_aBez urządzenia pośredniczącego _bn _2rdamedia |
||
| 338 |
_aWolumin _bnc _2rdacarrier |
||
| 380 | _aKsiążki | ||
| 380 | _aPublikacje dydaktyczne | ||
| 385 |
_mPoziom nauczania _aSzkoły wyższe |
||
| 388 | _a1901-2000 | ||
| 388 | _a1989-2000 | ||
| 504 | _aBibliogr. przy rozdz. | ||
| 650 | 7 |
_aFizyka ciała stałego _2DBN |
|
| 655 | 7 |
_aPodręczniki akademickie _2DBN |
|
| 658 | _aFizyka i astronomia | ||
| 700 | 1 |
_aKorczak, Wiesława _eTłumaczenie |
|
| 700 | 1 |
_aSkośkiewicz, Tadeusz _eTłumaczenie |
|
| 700 | 1 |
_aWiśniewski, Andrzej _c(tłumacz) _eTłumaczenie |
|
| 710 | 2 |
_aWydawnictwo Naukowe PWN _4pbl |
|
| 856 |
_uhttp://koha.tu.koszalin.pl/cgi-bin/koha/opac-detail.pl?biblionumber=36010 _yKatalog online BPK |
||
| 942 |
_2UKD _cKS |
||
| 999 |
_c36010 _d36010 |
||